Analytical study on occupational stress among bank employees in Gurugram district (Record no. 127646)

MARC details
000 -LEADER
fixed length control field 00376nam a2200145Ia 4500
008 - FIXED-LENGTH DATA ELEMENTS--GENERAL INFORMATION
fixed length control field 230917s9999||||xx |||||||||||||| ||und||
040 ## - CATALOGING SOURCE
-- 248187
Original cataloging agency VIVEKANANDA LIBRARY
041 ## - Language
-- English
082 ## - DDC NUMBER
Classification number 332.10954 A82A
100 ## - MAIN ENTRY--PERSONAL NAME
Personal name Anshu
245 #0 - TITLE STATEMENT
Title Analytical study on occupational stress among bank employees in Gurugram district
260 ## - PUBLICATION, DISTRIBUTION, ETC. (IMPRINT)
Date of publication, distribution, etc 2016
300 ## - PHYSICAL DESCRIPTION
Pages 97 p.
942 ## - ADDED ENTRY ELEMENTS (KOHA)
Koha item type Thesis
Holdings
Withdrawn status Lost status Damaged status Not for loan Location (home branch) Sublocation or collection (holding branch) Date acquired Koha issues (times borrowed) Koha full call number Accession No. Koha date last seen Koha item type
        VIVEKANANDA LIBRARY VIVEKANANDA LIBRARY 05/06/2018   332.10954 A82A 223499 17/09/2023 Thesis
© Designed and Maintained by Vivekananda Library, MDU Rohtak